00515nam a2200193 a 4500001001300000003000900013005001700022008004100039020001000080082001400090100002100104245005700125260004800182300000900230500003500239505001000274650001600284700002100300nice12345678IN_TiNIC20260116011832.0050524s1924 laha grp 000 0 urd  ac10000a239bABD3 aAbdullah, Hashmi aAbdullah Hashmi Ka Khat Abdul Masih Al-Kindy Ke Nam. aLahorebPunjab Religious Booksociety c1924 a240p aincludes index and biblioraphy2 aIndex aApologetics1 aAbdullah, Hashmi